000 00544cam a2200205ua 4500
001 518
005 20260515113157.0
008 110407n ii |||gr||||Z||||||eng
020 _a0-86131-470-0
040 _cMAIN
082 _a324.9541
245 1 _aElectoral politics in north-east India
_cby S.K. Chaube
250 _a1st.
260 _aMadras:
_bUniversities press,985.
300 _aix, 236p:
_c20cm.
653 _aPolitical science
653 _aElectoral politics in north-east India
700 _aChaube, S.K.,
_eAuthor.
942 _cBK
999 _c456
_d456